Bram Stoker's Dracula (Record no. 66636)

MARC details
000 -LEADER
campo de control de longitud fija 03323cgm a2200757Ia 4500
001 - NÚMERO DE CONTROL
campo de control 38165
005 - FECHA Y HORA DE LA ÚLTIMA TRANSACCIÓN
campo de control 20230410123812.0
007 - CAMPO FIJO DE DESCRIPCIÓN FÍSICA--INFORMACIÓN GENERAL
campo de control de longitud fija vd cvaizk
008 - DATOS DE LONGITUD FIJA--INFORMACIÓN GENERAL
campo de control de longitud fija 980416p19971992cau130 e vleng d
035 ## - NÚMERO DE CONTROL DEL SISTEMA
Número de control de sistema (OCoLC)ocm38961151
040 ## - FUENTE DE CATALOGACIÓN
Centro catalogador/agencia de origen SDE
Centro/agencia transcriptor SDE
Centro/agencia modificador CUY
-- OCL
-- EMU
-- TMI
-- ONU
-- OCLCQ
-- MUQ
-- RCS
-- GK8
-- BTCTA
019 ## -
-- 45181881
020 ## - NÚMERO INTERNACIONAL ESTÁNDAR DEL LIBRO
Número Internacional Estándar del Libro 0800177177
020 ## - NÚMERO INTERNACIONAL ESTÁNDAR DEL LIBRO
Número Internacional Estándar del Libro 9780800177171
024 10 - IDENTIFICADOR DE OTROS ESTÁNDARES
Número estándar o código 043396514195
028 42 - NÚMERO DE EDITOR O DISTRIBUIDOR
Número de editor o de distribuidor 51419
Fuente Columbia TriStar Home Video
035 ## - NÚMERO DE CONTROL DEL SISTEMA
Número de control de sistema (OCoLC)38961151
Número de control cancelado/no válido (OCoLC)45181881
041 1# - CÓDIGO DE IDIOMA
Código de lengua del texto/banda sonora o título independiente eng
-- fre
-- spa
Código de lengua del sumario o resumen eng
-- kor
-- spa
Código de lengua original eng
043 ## - CÓDIGO DE ÁREA GEOGRÁFICA
Código de área geográfica e-uk-en
082 04 - NÚMERO DE LA CLASIFICACIÓN DECIMAL DEWEY
Número de clasificación 791.43/72
Número de edición 22
050 14 - SIGNATURA TOPOGRÁFICA DE LA BIBLIOTECA DEL CONGRESO
Número de clasificación CM DVD 00220
049 ## - FONDOS LOCALES (OCLC)
Biblioteca depositaria GRAL
245 00 - MENCIÓN DEL TÍTULO
Título Bram Stoker's Dracula
Medio [videorecording] /
Mención de responsabilidad, etc. Columbia Pictures ; directed by Francis Ford Coppola ; screenplay by James V. Hart ; produced by Francis Ford Coppola, Fred Fuchs, Charles Mulvehill ; an American Zoetrope, Osiris Films production.
246 3# - FORMA VARIANTE DEL TITULO
Título propio/Titulo breve Dracula
260 ## - PUBLICACIÓN, DISTRIBUCIÓN, ETC.
Lugar de publicación, distribución, etc. Culver City, Calif. :
Nombre del editor, distribuidor, etc. Columbia TriStar Home Video,
Fecha de publicación, distribución, etc. c1997.
300 ## - DESCRIPCIÓN FÍSICA
Extensión 1 videodisc (ca. 130 min.) :
Otras características físicas sd., col. ;
Dimensiones 4 3/4 in.
538 ## - NOTA DE DETALLES DEL SISTEMA
Nota de detalles del sistema DVD.
546 ## - NOTA DE IDIOMA
Nota de lengua/lenguaje English, Spanish, or French language soundtrack with optional subtitles available in Spanish and Korean ; closed-captioned in English for the hearing impaired.
511 1# - NOTA DE PARTICIPANTES O INTÉRPRETES
Nota de participantes o intérpretes Gary Oldman, Winona Ryder, Anthony Hopkins, Keanu Reeves, Richard E. Grant, Cary Elwes, Bill Campbell, Sadie Frost, Tom Waits.
508 ## - NOTA DE CRÉDITOS DE CREACIÓN O PRODUCCIÓN
Nota de créditos de creación o producción Director of photography, Michael Ballhaus ; music, Wojcieck Kilar ; editors, Nicholas C. Smith, Glen Scantlebury, Anne Goursaud ; costumes designed by Eiko Ishioka.
500 ## - NOTA GENERAL
Nota general Widescreen format (aspect ratio 1.85:1) on side A, standard ormat on side B.
500 ## - NOTA GENERAL
Nota general Originally released as a motion picture in 1992.
500 ## - NOTA GENERAL
Nota general Based on the novel by Bram Stoker.
521 8# - NOTA DE PÚBLICO DESTINATARIO
Nota de público destinatario MPAA rating: R.
520 ## - RESUMEN, ETC.
Sumario, etc. The tortured journey of the devastatingly seductive Transylvanian Prince as he moves from Eastern Europe to 19th century London in search of his reincarnated long-lost love.
600 10 - PUNTO DE ACCESO ADICIONAL DE MATERIA--NOMBRE DE PERSONA
Nombre de persona Stoker, Bram,
Fechas asociadas al nombre 1847-1912
Subdivisión de forma Film and video adaptations.
650 #0 - PUNTO DE ACCESO ADICIONAL DE MATERIA--TÉRMINO DE MATERIA
Término de materia o nombre geográfico como elemento de entrada Vampires
Subdivisión geográfica England
-- London
Subdivisión de forma Drama.
650 #0 - PUNTO DE ACCESO ADICIONAL DE MATERIA--TÉRMINO DE MATERIA
Término de materia o nombre geográfico como elemento de entrada Dracula, Count (Fictitious character)
Subdivisión de forma Drama.
650 #0 - PUNTO DE ACCESO ADICIONAL DE MATERIA--TÉRMINO DE MATERIA
Término de materia o nombre geográfico como elemento de entrada Man-woman relationships
Subdivisión de forma Drama.
651 #0 - PUNTO DE ACCESO ADICIONAL DE MATERIA--NOMBRE GEOGRÁFICO
Nombre geográfico London (England)
Subdivisión de forma Drama.
650 #7 - PUNTO DE ACCESO ADICIONAL DE MATERIA--TÉRMINO DE MATERIA
Término de materia o nombre geográfico como elemento de entrada Vampiros
Subdivisión geográfica Inglaterra
-- Londres
Subdivisión de forma Teatro.
Fuente del encabezamiento o término bidex
650 #7 - PUNTO DE ACCESO ADICIONAL DE MATERIA--TÉRMINO DE MATERIA
Término de materia o nombre geográfico como elemento de entrada Dracula, Count (Personaje literario)
Subdivisión de forma Teatro.
Fuente del encabezamiento o término bidex
650 #7 - PUNTO DE ACCESO ADICIONAL DE MATERIA--TÉRMINO DE MATERIA
Término de materia o nombre geográfico como elemento de entrada Relaciones hombre-mujer
Subdivisión de forma Teatro.
Fuente del encabezamiento o término bidex
655 #0 - TERMINO DE INDIZACIÓN--GENERO/FORMA
Datos o término principal de género/forma Feature films.
655 #0 - TERMINO DE INDIZACIÓN--GENERO/FORMA
Datos o término principal de género/forma Horror films.
655 #0 - TERMINO DE INDIZACIÓN--GENERO/FORMA
Datos o término principal de género/forma Vampire films.
655 #0 - TERMINO DE INDIZACIÓN--GENERO/FORMA
Datos o término principal de género/forma Dracula films.
655 #0 - TERMINO DE INDIZACIÓN--GENERO/FORMA
Datos o término principal de género/forma Video recordings for the hearing impaired.
650 #6 - PUNTO DE ACCESO ADICIONAL DE MATERIA--TÉRMINO DE MATERIA
Término de materia o nombre geográfico como elemento de entrada Longs mâetrages
Subdivisión geográfica âEtats-Unis.
700 1# - ENTRADA AGREGADA--NOMBRE PERSONAL
Nombre de persona Coppola, Francis Ford,
Fechas asociadas al nombre 1939-
700 1# - ENTRADA AGREGADA--NOMBRE PERSONAL
Nombre de persona Fuchs, Fred.
700 1# - ENTRADA AGREGADA--NOMBRE PERSONAL
Nombre de persona Mulvehill, Charles.
700 1# - ENTRADA AGREGADA--NOMBRE PERSONAL
Nombre de persona Hart, James V.
700 1# - ENTRADA AGREGADA--NOMBRE PERSONAL
Nombre de persona Oldman, Gary.
700 1# - ENTRADA AGREGADA--NOMBRE PERSONAL
Nombre de persona Ryder, Winona,
Fechas asociadas al nombre 1971-
700 1# - ENTRADA AGREGADA--NOMBRE PERSONAL
Nombre de persona Hopkins, Anthony,
Fechas asociadas al nombre 1937-
700 1# - ENTRADA AGREGADA--NOMBRE PERSONAL
Nombre de persona Reeves, Keanu.
700 1# - ENTRADA AGREGADA--NOMBRE PERSONAL
Nombre de persona Stoker, Bram,
Fechas asociadas al nombre 1847-1912.
Título de la obra Dracula.
710 2# - ENTRADA AGREGADA--NOMBRE DE ENTIDAD CORPORATIVA
Nombre de entidad corporativa o nombre de jurisdicción como elemento de entrada Columbia Pictures.
710 2# - ENTRADA AGREGADA--NOMBRE DE ENTIDAD CORPORATIVA
Nombre de entidad corporativa o nombre de jurisdicción como elemento de entrada American Zoetrope (Firm)
710 2# - ENTRADA AGREGADA--NOMBRE DE ENTIDAD CORPORATIVA
Nombre de entidad corporativa o nombre de jurisdicción como elemento de entrada Osiris Films (Firm)
710 2# - ENTRADA AGREGADA--NOMBRE DE ENTIDAD CORPORATIVA
Nombre de entidad corporativa o nombre de jurisdicción como elemento de entrada Columbia TriStar Home Video (Firm)
938 ## -
-- Baker and Taylor
-- BTCP
-- be2004106117
942 ## - ELEMENTOS DE ENTRADA SECUNDARIOS (KOHA)
Fuente del sistema de clasificación o colocación Clasificación de Library of Congress
Tipo de ítem Koha
994 ## -
-- C0
-- DRFGD
Holdings
Estatus retirado Estado de pérdida Fuente del sistema de clasificación o colocación Estado de daño No para préstamo Biblioteca de origen Biblioteca actual Ubicación en estantería Fecha de adquisición Signatura topográfica completa Código de barras Visto por última vez Copia número Tipo de ítem Koha
    Clasificación de Library of Congress     Biblioteca Juan Bosch Biblioteca Juan Bosch Colección Multimedia (Humanidades 4to. Piso) 10/04/2023 CM DVD 00220 00000039258 25/10/2018 1